Memoria que comprende el periodo del 1° de agosto de 1929 al 31 de julio de 1930, presentada al H. Congreso de la Unión por el secretario del ramo C. Carlos Riva Palacio

Detalles Bibliográficos
Autor Corporativo: Secretaría de Gobernación (México)
Otros Autores: Riva Palacio, Carlos
Formato: Libro
Lenguaje:Spanish
Publicado: Mexico, D. F. : Talleres Gráficos de la Unión, 1930.
Materias:
Colección:Banco de datos
Acervo:Universidad Autónoma Benito Juárez de Oaxaca. Biblioteca Francisco de Burgoa. Colección moderna
Descripción Física:782 p., [1] h. : tab. ; 21 cm.
Tema general:Historia civil
Notas:Portada tipográfica con el escudo nacional mexicano. Texto a renglón seguido con paginación en números arábigos. Incluye tablas. Encuadernación en papel (531, 19385-19387, 19401). Sello en tinta de la Biblioteca Pública del Estado de Oaxaca, Oax. (531, 19385-19387)
LEADER 01169nam a22001930004500
035 |a 16 
041 0 |a spa 
110 1 |a Secretaría de Gobernación (México) 
245 1 0 |a Memoria que comprende el periodo del 1° de agosto de 1929 al 31 de julio de 1930, presentada al H. Congreso de la Unión por el secretario del ramo C. Carlos Riva Palacio 
260 |a Mexico, D. F. : Talleres Gráficos de la Unión, 1930. 
300 |a 782 p., [1] h. : tab. ; 21 cm. 
500 |a Portada tipográfica con el escudo nacional mexicano. Texto a renglón seguido con paginación en números arábigos. Incluye tablas. Encuadernación en papel (531, 19385-19387, 19401). Sello en tinta de la Biblioteca Pública del Estado de Oaxaca, Oax. (531, 19385-19387) 
504 |a Al final de la obra está el índice de contenido  
650 1 0 |a Historia civil 
700 1 |a Riva Palacio, Carlos 
852 |a Universidad Autónoma "Benito Juárez" de Oaxaca, Biblioteca Francisco de Burgoa, Colección moderna 531, 19385, 19386, 19387, 19401 
942 |c BURMOD 
943 |g Universidad Autónoma Benito Juárez de Oaxaca. Biblioteca Francisco de Burgoa. Colección moderna 
999 |c 1124459  |d 1124459